[Event "Titled Tuesday intern op 24th Oct Late"]
[Site "Chess.com INT"]
[Date "2023.10.24"]
[Round "2"]
[White "Lizak, Peter"]
[Black "Yang, Kevin S"]
[Result "0-1"]
[WhiteElo "2415"]
[BlackElo "2096"]
[PlyCount "78"]
[EventDate "2023.10.24"]
[EventType "swiss (blitz)"]
[EventRounds "11"]
[EventCountry "USA"]
[SourceTitle "Mega2024 Update 01"]
[Source "Chessbase"]
[SourceDate "2023.11.12"]
[SourceVersion "1"]
[SourceVersionDate "2023.11.12"]
[SourceQuality "1"]

1. d4 Nf6 2. Nc3 d5 3. Bf4 a6 4. e3 Bf5 5. f3 h5 6. Bd3 Bxd3 7. Qxd3 e6 8. e4 Bb4 9. Nge2 Nbd7 10. Bg5 Be7 11. e5 Ng8 12. Be3 Nh6 13. Bxh6 Rxh6 14. f4 c5 15. 0-0 cxd4 16. Nxd4 Nc5 17. Qh3 Qb6 18. Kh1 Qxb2 19. Nce2 Qb6 20. f5 Qc7 21. fxe6 Nxe6 22. Nxe6 fxe6 23. Nf4 Qd7 24. c4 0-0-0 25. cxd5 exd5 26. e6 Qd6 27. Rad1 d4 28. Rfe1 g5 29. Nxh5 Rdh8 30. g4 Qd5+ 31. Qg2 Qxg2+ 32. Kxg2 Bc5 33. Re5 b6 34. Rxg5 Rxe6 35. Nf4 Re3 36. Nd3 Re2+ 37. Kf3 Rhxh2 38. Nxc5 Re3+ 39. Kf4 Rf2# 0-1

[Event "Titled Tuesday intern op 18th Jul Late"]
[Site "Chess.com INT"]
[Date "2023.07.18"]
[Round "2"]
[White "Lizak, Peter"]
[Black "Martinez Alcantara, Jose Eduardo"]
[Result "0-1"]
[WhiteElo "2415"]
[BlackElo "2619"]
[PlyCount "82"]
[EventDate "2023.07.18"]
[EventType "swiss (blitz)"]
[EventRounds "11"]
[EventCountry "USA"]
[SourceTitle "EXT 2024"]
[Source "ChessBase"]
[SourceDate "2023.10.10"]
[SourceVersion "1"]
[SourceVersionDate "2023.10.10"]
[SourceQuality "1"]

1. d4 Nf6 2. Nc3 d5 3. Bf4 a6 4. e3 e6 5. g4 Bb4 6. f3 c5 7. a3 Bxc3+ 8. bxc3 Nc6 9. h4 Qe7 10. Kf2 0-0 11. h5 Nd7 12. h6 g6 13. Nh3 f6 14. g5 f5 15. c4 Nb6 16. cxd5 Nxd5 17. Bc4 Rd8 18. Bxd5 Rxd5 19. c4 Rd8 20. d5 e5 21. Bh2 Nb8 22. Qb3 Nd7 23. Qb2 b5 24. Rad1 Rb8 25. d6 Qe6 26. Nf4 Qf7 27. Nd5 bxc4 28. Qc3 Qe6 29. Nc7 Qf7 30. Nd5 Re8 31. Qxc4 Rb2+ 32. Kf1 Kf8 33. Qc3 Rb1 34. Rxb1 Qxd5 35. Kf2 Bb7 36. e4 fxe4 37. Rhd1 Qc6 38. Bxe5 Rxe5 39. Qb3 e3+ 40. Ke1 Qxf3 41. Rb2 Qg3+ 0-1

[Event "Titled Tuesday intern op 11th Jul Late"]
[Site "Chess.com INT"]
[Date "2023.07.11"]
[Round "2"]
[White "Lizak, Peter"]
[Black "Harriott, Tyrell"]
[Result "0-1"]
[WhiteElo "2415"]
[BlackElo "1819"]
[PlyCount "70"]
[EventDate "2023.07.11"]
[EventType "swiss (blitz)"]
[EventRounds "11"]
[EventCountry "USA"]
[SourceTitle "EXT 2024"]
[Source "ChessBase"]
[SourceDate "2023.10.10"]
[SourceVersion "1"]
[SourceVersionDate "2023.10.10"]
[SourceQuality "1"]

1. d4 e6 2. Nf3 d5 3. Bf4 Bd6 4. e3 Ne7 5. Bd3 f5 6. Nbd2 Ng6 7. Bxd6 cxd6 8. h4 0-0 9. h5 Nh8 10. h6 g6 11. c4 dxc4 12. Nxc4 Nf7 13. Qb3 b6 14. 0-0-0 Bb7 15. Kb1 Bd5 16. Qa3 Nc6 17. Rc1 e5 18. dxe5 dxe5 19. Rhd1 e4 20. Be2 exf3 21. Bxf3 Bxf3 22. Rxd8 Be4+ 23. Rd3 Rfd8 24. Rcd1 Rxd3 25. Rxd3 Rd8 26. Qc3 Nxh6 27. Nd6 Rxd6 28. Qc4+ Nf7 29. Ka1 Rxd3 30. b3 a5 31. f3 Rd1+ 32. Kb2 Rd2+ 33. Ka3 Bb1 34. Ka4 Na7 35. Qc3 Rxa2# 0-1

[Event "Titled Tuesday intern op 20th Jun Late"]
[Site "Chess.com INT"]
[Date "2023.06.20"]
[Round "2"]
[White "Lizak, Peter"]
[Black "Mazurkiewicz, Michal"]
[Result "1-0"]
[WhiteElo "2415"]
[BlackElo "2145"]
[PlyCount "75"]
[EventDate "2023.06.20"]
[EventType "swiss (blitz)"]
[EventRounds "11"]
[EventCountry "USA"]
[SourceTitle "EXT 2024"]
[Source "ChessBase"]
[SourceDate "2023.10.10"]
[SourceVersion "1"]
[SourceVersionDate "2023.10.10"]
[SourceQuality "1"]

1. d4 Nf6 2. Nc3 d5 3. Bf4 c6 4. e3 Qb6 5. Rb1 h6 6. Nf3 Bf5 7. Ne5 Nbd7 8. Bd3 Bxd3 9. cxd3 e6 10. 0-0 Nxe5 11. dxe5 Nd7 12. b4 a6 13. d4 Be7 14. a4 Bxb4 15. Na2 a5 16. Qg4 g5 17. Bg3 0-0-0 18. Qh5 Rdf8 19. Rfc1 Rhg8 20. h3 Rg6 21. f3 Rfg8 22. Be1 f6 23. Nxb4 axb4 24. Rxb4 Qa6 25. Bg3 f5 26. Rcb1 b6 27. e4 dxe4 28. fxe4 f4 29. Be1 g4 30. h4 f3 31. R4b2 g3 32. Qxf3 Rf8 33. Qxf8+ Nxf8 34. Rxb6 Qe2 35. Rb8+ Kc7 36. Rxf8 Qxe4 37. Rf7+ Kd8 38. Rb8# 1-0

[Event "Titled Tuesday intern op 18th Apr Late"]
[Site "Chess.com INT"]
[Date "2023.04.18"]
[Round "9"]
[White "Timmermans, Mark"]
[Black "Lizak, Peter"]
[Result "0-1"]
[WhiteElo "2390"]
[BlackElo "2411"]
[PlyCount "96"]
[EventDate "2023.04.18"]
[EventType "swiss (blitz)"]
[EventRounds "11"]
[EventCountry "USA"]
[SourceTitle "EXT 2024"]
[Source "ChessBase"]
[SourceDate "2023.10.10"]
[SourceVersion "1"]
[SourceVersionDate "2023.10.10"]
[SourceQuality "1"]

1. Nf3 d5 2. e3 Nc6 3. d4 Bg4 4. c4 e6 5. Nc3 Bb4 6. cxd5 Qxd5 7. Be2 e5 8. 0-0 Bxc3 9. bxc3 e4 10. Nd2 Bxe2 11. Qxe2 Nf6 12. Qc4 Qxc4 13. Nxc4 Nd5 14. Bb2 0-0-0 15. a4 f5 16. a5 a6 17. Rfb1 f4 18. Ra3 fxe3 19. Nxe3 Nxe3 20. fxe3 Rd5 21. Rba1 Rb5 22. Bc1 Rf8 23. c4 Rbf5 24. Bd2 Rf2 25. R3a2 g5 26. Bc3 R2f5 27. h3 h5 28. Rb1 h4 29. Rab2 Nd8 30. d5 R8f7 31. Bd4 c6 32. Rc1 cxd5 33. cxd5+ Kd7 34. Bb6 Rxd5 35. Rc7+ Ke6 36. Rc8 Nc6 37. Bc7 Rb5 38. Rd2 Rd5 39. Re8+ Re7 40. Rxe7+ Nxe7 41. Rb2 Rb5 42. Rd2 Nd5 43. Bd8 Rb1+ 44. Kh2 Nxe3 45. Ra2 Nf1+ 46. Kg1 e3 47. Bxg5 Ng3+ 48. Kh2 Rh1# 0-1

[Event "Titled Tuesday intern op 31st Jan Late"]
[Site "Chess.com INT"]
[Date "2023.01.31"]
[Round "8"]
[White "Lizak, Peter"]
[Black "Galchenko, Matvey"]
[Result "0-1"]
[WhiteElo "2418"]
[BlackElo "2442"]
[PlyCount "68"]
[EventDate "2023.01.31"]
[EventType "swiss (blitz)"]
[EventRounds "11"]
[EventCountry "USA"]
[SourceTitle "CBM 212 Extra"]
[Source "ChessBase"]
[SourceDate "2023.03.31"]
[SourceVersion "1"]
[SourceVersionDate "2023.03.31"]
[SourceQuality "1"]

1. d4 Nf6 2. Nc3 d5 3. Bf4 a6 4. e3 b5 5. Nf3 e6 6. Bd3 Bb7 7. Ne2 Nbd7 8. h3 c5 9. c3 Qb6 10. 0-0 Be7 11. Ne5 0-0 12. Ng3 Nxe5 13. dxe5 Nd7 14. Nh5 g6 15. Bh6 Rfe8 16. f4 c4 17. Bc2 Qxe3+ 18. Kh2 Rad8 19. Rf3 Qb6 20. Rg3 Qf2 21. Ng7 Rf8 22. Nxe6 fxe6 23. Bxg6 Qxg3+ 24. Kxg3 hxg6 25. Qg4 Kf7 26. Bxf8 Rxf8 27. a4 b4 28. Rd1 Nc5 29. cxb4 Nxa4 30. Qe2 Bxb4 31. f5 exf5 32. e6+ Ke7 33. b3 Nc3 34. Qe3 f4+ 0-1

[Event "Titled Tuesday intern op 31st Jan Late"]
[Site "Chess.com INT"]
[Date "2023.01.31"]
[Round "2"]
[White "Lizak, Peter"]
[Black "Grigoriants, Sergey"]
[Result "0-1"]
[WhiteElo "2418"]
[BlackElo "2569"]
[PlyCount "64"]
[EventDate "2023.01.31"]
[EventType "swiss (blitz)"]
[EventRounds "11"]
[EventCountry "USA"]
[SourceTitle "CBM 212 Extra"]
[Source "ChessBase"]
[SourceDate "2023.03.31"]
[SourceVersion "1"]
[SourceVersionDate "2023.03.31"]
[SourceQuality "1"]

1. d4 Nf6 2. Nc3 d5 3. Bf4 e6 4. Nb5 Bb4+ 5. c3 Ba5 6. a4 a6 7. b4 Bxb4 8. cxb4 axb5 9. axb5 Rxa1 10. Qxa1 0-0 11. e3 Nbd7 12. Be2 Nb6 13. Qc3 Ne8 14. Nf3 Nd6 15. 0-0 Bd7 16. Rc1 Ndc4 17. h4 Bxb5 18. Bd3 c6 19. h5 h6 20. Bb1 Qa8 21. Ne5 Qa3 22. Qc2 f5 23. Ng6 Ra8 24. Re1 Qxb4 25. Qd1 Ra1 26. g4 Qd2 27. gxf5 Qxd1 28. Rxd1 Na3 29. fxe6 Rxb1 30. Rxb1 Nxb1 31. Bd6 Nc8 32. Bb4 b6 0-1

[Event "Titled Tuesday intern op 31st Jan Late"]
[Site "Chess.com INT"]
[Date "2023.01.31"]
[Round "6"]
[White "Lizak, Peter"]
[Black "Naroditsky, Daniel"]
[Result "0-1"]
[WhiteElo "2418"]
[BlackElo "2622"]
[PlyCount "72"]
[EventDate "2023.01.31"]
[EventType "swiss (blitz)"]
[EventRounds "11"]
[EventCountry "USA"]
[SourceTitle "CBM 212 Extra"]
[Source "ChessBase"]
[SourceDate "2023.03.31"]
[SourceVersion "1"]
[SourceVersionDate "2023.03.31"]
[SourceQuality "1"]

1. d4 Nf6 2. Nc3 d5 3. Bf4 a6 4. e3 b5 5. Nf3 Bb7 6. Bd3 e6 7. Ne2 c5 8. c3 Nc6 9. h3 Bd6 10. 0-0 0-0 11. Ne5 Bxe5 12. Bxe5 Nxe5 13. dxe5 Nd7 14. f4 f5 15. b4 Qb6 16. Qd2 Rac8 17. Kh2 a5 18. bxc5 Nxc5 19. Nd4 Ba6 20. Rfc1 Nxd3 21. Qxd3 Rc5 22. Qd2 Rfc8 23. Rab1 Rc4 24. a3 Kf7 25. Qe1 h6 26. g4 fxg4 27. hxg4 Qd8 28. Rb2 b4 29. axb4 axb4 30. Rxb4 Rxb4 31. cxb4 Rxc1 32. Qxc1 Qh4+ 33. Kg2 Qxg4+ 34. Kf2 Qh4+ 35. Kg2 Bd3 36. Qc7+ Kg6 0-1

[Event "AUT-chT2O 2223"]
[Site "Austria"]
[Date "2022.12.03"]
[Round "5.1"]
[White "Lizak, Peter"]
[Black "Peyrer, Konstantin"]
[Result "1-0"]
[WhiteElo "2400"]
[BlackElo "2402"]
[PlyCount "155"]
[EventDate "2022.10.15"]
[EventType "team-tourn"]
[EventRounds "11"]
[EventCountry "AUT"]
[SourceTitle "CBM 213 Extra"]
[Source "ChessBase"]
[SourceDate "2023.05.31"]
[SourceVersion "1"]
[SourceVersionDate "2023.05.31"]
[SourceQuality "1"]
[WhiteTeam "Pressbaum"]
[BlackTeam "Ottakring"]
[WhiteTeamCountry "AUT"]
[BlackTeamCountry "AUT"]

1. e4 c6 2. Nf3 d5 3. Nc3 g6 4. d4 Bg7 5. h3 dxe4 6. Nxe4 Nf6 7. Nxf6+ exf6 8. Bc4 0-0 9. 0-0 Nd7 10. c3 Nb6 11. Bb3 a5 12. a4 Nd5 13. Ne1 Bf5 14. Nc2 Be6 15. Ne3 Nf4 16. Bxe6 fxe6 17. Ng4 Nd5 18. Re1 Qd7 19. Bd2 Rfe8 20. Qf3 h5 21. Nh2 Qf7 22. Re2 Ne7 23. Rae1 Nf5 24. g4 hxg4 25. hxg4 Nd6 26. Bf4 Nc4 27. b3 Nb6 28. c4 Rad8 29. Qc3 Nc8 30. Nf3 Qd7 31. Bg3 b6 32. g5 Ne7 33. gxf6 Bxf6 34. Rxe6 Bg7 35. Qe3 Kf8 36. Bd6 Qxd6 37. Rxd6 Rxd6 38. Ne5 Kg8 39. Nf3 Rf6 40. Qe4 Ref8 41. Ng5 Nf5 42. d5 c5 43. Ne6 R8f7 44. Qf4 Nd4 45. Qb8+ Bf8 46. Ng5 Nf3+ 47. Nxf3 Rxf3 48. Re6 Rxf2 49. Qg3 R2f6 50. Qe5 Rf1+ 51. Kg2 Kh7 52. Qh2+ Bh6 53. Qg3 R1f6 54. Rxf6 Rxf6 55. Qc7+ Kg8 56. d6 Bf4 57. Qc8+ Rf8 58. Qg4 g5 59. Qe6+ Kg7 60. d7 Bc7 61. Qe7+ Kg8 62. Qe8 g4 63. Qg6+ Kh8 64. Qh5+ Kg7 65. Qxg4+ Kf6 66. Qe4 Kg7 67. Qe6 Bd8 68. Qe8 Bc7 69. Kh3 Rh8+ 70. Kg4 Rf8 71. Qe7+ Kg8 72. Kh5 Bd8 73. Qe6+ Kg7 74. Qe5+ Bf6 75. Qe8 Bd8 76. Qg6+ Kh8 77. Kh6 Rg8 78. Qh7# 1-0

[Event "Titled Tuesday intern op 22nd Nov Late"]
[Site "Chess.com INT"]
[Date "2022.11.22"]
[Round "7"]
[White "Corrales Jimenez, Fidel"]
[Black "Lizak, Peter"]
[Result "1-0"]
[WhiteElo "2525"]
[BlackElo "2404"]
[PlyCount "85"]
[EventDate "2022.11.22"]
[EventType "swiss (blitz)"]
[EventRounds "11"]
[EventCountry "USA"]
[SourceTitle "CBM 211 Extra"]
[Source "ChessBase"]
[SourceDate "2023.01.31"]
[SourceVersion "1"]
[SourceVersionDate "2023.01.31"]
[SourceQuality "1"]

1. e4 c6 2. d4 d5 3. e5 Bf5 4. h4 h6 5. g4 Bd7 6. h5 c5 7. c3 Nc6 8. f4 cxd4 9. cxd4 Qb6 10. Be3 Qxb2 11. Nd2 Bxg4 12. Be2 Bf5 13. Rc1 e6 14. Kf2 Ba3 15. Nb3 Nge7 16. Nf3 Qxa2 17. Ra1 Qc2 18. Rxa3 Qxd1 19. Rxd1 Bg4 20. Rc1 Bxh5 21. Nc5 b6 22. Nb7 0-0 23. Bb5 Na5 24. Nxa5 bxa5 25. Rxa5 Nf5 26. Bd3 Nxe3 27. Kxe3 Bxf3 28. Kxf3 Rfb8 29. Ke3 Rb3 30. Rc7 a6 31. Rc6 h5 32. Raxa6 Rab8 33. Rc7 h4 34. Raa7 Rf8 35. f5 exf5 36. e6 Re8 37. Rxf7 Rxe6+ 38. Kd2 Rg6 39. Kc2 Rb8 40. Bxf5 Rg3 41. Be6 Kh8 42. Rf5 g6 43. Rff7 1-0

[Event "Titled Tuesday intern op 22nd Nov Late"]
[Site "Chess.com INT"]
[Date "2022.11.22"]
[Round "1"]
[White "Lizak, Peter"]
[Black "Ardila, Oscar Humberto"]
[Result "1-0"]
[WhiteElo "2404"]
[BlackElo "1997"]
[PlyCount "95"]
[EventDate "2022.11.22"]
[EventType "swiss (blitz)"]
[EventRounds "11"]
[EventCountry "USA"]
[SourceTitle "CBM 211 Extra"]
[Source "ChessBase"]
[SourceDate "2023.01.31"]
[SourceVersion "1"]
[SourceVersionDate "2023.01.31"]
[SourceQuality "1"]

1. d4 Nf6 2. Nc3 e6 3. Bf4 Be7 4. e3 0-0 5. Bd3 d6 6. e4 Nbd7 7. e5 Ne8 8. Nf3 f5 9. Qd2 dxe5 10. Nxe5 Nxe5 11. Bxe5 Bf6 12. 0-0-0 Bxe5 13. dxe5 Qe7 14. Ne2 Bd7 15. h4 Bc6 16. f3 Rd8 17. Qg5 Qxg5+ 18. hxg5 g6 19. Nf4 Ng7 20. Bc4 Rxd1+ 21. Rxd1 Re8 22. b4 a6 23. Kb2 Kf7 24. Kb3 Ke7 25. a4 b5 26. axb5 axb5 27. Be2 Rd8 28. Rxd8 Kxd8 29. Kc3 Ke7 30. Kd4 Bd7 31. Kc5 c6 32. Kb6 Ne8 33. c3 Kd8 34. Bd1 Ke7 35. Bb3 Ng7 36. Kc7 Ne8+ 37. Kb8 Ng7 38. Bd1 Kd8 39. Kb7 Ke7 40. Kb6 Kd8 41. Nd3 Ne8 42. Nc5 Ke7 43. f4 Kd8 44. Bf3 Ke7 45. Nxd7 Kxd7 46. Bxc6+ Ke7 47. Bxe8 Kxe8 48. Kxb5 1-0

[Event "Titled Tuesday intern op 18th Oct Late"]
[Site "Chess.com INT"]
[Date "2022.10.18"]
[Round "8"]
[White "Lizak, Peter"]
[Black "Cruz, William Ferreira Da"]
[Result "1-0"]
[WhiteElo "2400"]
[BlackElo "2224"]
[PlyCount "77"]
[EventDate "2022.10.18"]
[EventType "swiss (blitz)"]
[EventRounds "11"]
[EventCountry "USA"]
[SourceTitle "EXT 2024"]
[Source "ChessBase"]
[SourceDate "2023.10.10"]
[SourceVersion "1"]
[SourceVersionDate "2023.10.10"]
[SourceQuality "1"]

1. d4 Nf6 2. Nc3 d5 3. Bf4 c6 4. e3 g6 5. h4 Bg7 6. h5 Nxh5 7. Rxh5 gxh5 8. Qxh5 Nd7 9. Nf3 Nf6 10. Qh4 Bf5 11. 0-0-0 Ne4 12. Nxe4 Bxe4 13. Ne5 Qa5 14. f3 Bg6 15. a3 Bf6 16. Qh3 Qd8 17. g4 Bxe5 18. Bxe5 f6 19. Bf4 Qd7 20. Bh2 h5 21. Qh4 Rh7 22. g5 fxg5 23. Qxg5 Qf5 24. Qg2 Qe6 25. Bf4 Kf7 26. Qh2 Rg8 27. c4 h4 28. b3 Qf5 29. Bd3 Qh5 30. Be2 Qf5 31. Bd3 Qe6 32. e4 dxe4 33. fxe4 h3 34. d5 Qg4 35. Bd2 Qg2 36. Rf1+ Kg7 37. Bc3+ Kh6 38. Bd2+ Kg7 39. Qe5# 1-0

[Event "Titled Tuesday intern op 18th Oct Late"]
[Site "Chess.com INT"]
[Date "2022.10.18"]
[Round "5"]
[White "Lizak, Peter"]
[Black "Lorenzo de la Riva, Lazaro"]
[Result "1-0"]
[WhiteElo "2400"]
[BlackElo "2420"]
[PlyCount "71"]
[EventDate "2022.10.18"]
[EventType "swiss (blitz)"]
[EventRounds "11"]
[EventCountry "USA"]
[SourceTitle "EXT 2024"]
[Source "ChessBase"]
[SourceDate "2023.10.10"]
[SourceVersion "1"]
[SourceVersionDate "2023.10.10"]
[SourceQuality "1"]

1. d4 d5 2. Nc3 Nf6 3. Bf4 e6 4. Nb5 Na6 5. a3 Be7 6. e3 0-0 7. Nf3 Nh5 8. Be5 f6 9. Bg3 c6 10. Nc3 Nxg3 11. hxg3 f5 12. Ne5 Bf6 13. Qh5 h6 14. g4 Bxe5 15. dxe5 Nc5 16. f4 Qe8 17. Qh4 Qg6 18. gxf5 Qxf5 19. 0-0-0 Qg6 20. g4 a5 21. Ne2 Ne4 22. Nd4 c5 23. Nb5 Bd7 24. Nd6 Nxd6 25. exd6 c4 26. Bg2 b5 27. f5 Qg5 28. Qxg5 hxg5 29. fxe6 Bxe6 30. Rxd5 Bxd5 31. Bxd5+ Rf7 32. Rf1 Raf8 33. d7 g6 34. Rxf7 Rxf7 35. d8Q+ Kg7 36. Bxf7 1-0

[Event "Titled Tuesday intern op 18th Oct Late"]
[Site "Chess.com INT"]
[Date "2022.10.18"]
[Round "10"]
[White "Rosen, Eric S"]
[Black "Lizak, Peter"]
[Result "1-0"]
[WhiteElo "2356"]
[BlackElo "2400"]
[PlyCount "69"]
[EventDate "2022.10.18"]
[EventType "swiss (blitz)"]
[EventRounds "11"]
[EventCountry "USA"]
[SourceTitle "EXT 2024"]
[Source "ChessBase"]
[SourceDate "2023.10.10"]
[SourceVersion "1"]
[SourceVersionDate "2023.10.10"]
[SourceQuality "1"]

1. d4 Nf6 2. Bf4 c5 3. e3 d5 4. Nf3 Nc6 5. Nbd2 g6 6. dxc5 Bg7 7. c3 0-0 8. Be2 Nd7 9. b4 e5 10. Bg3 a5 11. a3 f5 12. 0-0 h6 13. h3 Kh7 14. Qb3 e4 15. Nd4 Nf6 16. Bd6 Re8 17. b5 Ne5 18. c4 a4 19. Qa2 Nf7 20. Bh2 Ng5 21. cxd5 Nxd5 22. Rac1 f4 23. Nc4 f3 24. gxf3 Nxh3+ 25. Kh1 Qh4 26. Bg3 Nxf2+ 27. Kg2 Qh3+ 28. Kxf2 Bxd4 29. Rh1 Qf5 30. exd4 exf3 31. Bxf3 Rf8 32. Ne5 Be6 33. Qd2 Rae8 34. Qxh6+ Kg8 35. Qh8# 1-0

[Event "Titled Tuesday intern op 20th Sep Late"]
[Site "Chess.com INT"]
[Date "2022.09.20"]
[Round "5"]
[White "Kavutskiy, Konstantin"]
[Black "Lizak, Peter"]
[Result "1-0"]
[WhiteElo "2383"]
[BlackElo "2400"]
[PlyCount "145"]
[EventDate "2022.09.20"]
[EventType "swiss (blitz)"]
[EventRounds "11"]
[EventCountry "USA"]
[SourceTitle "EXT 2023"]
[Source "ChessBase"]
[SourceDate "2022.10.05"]
[SourceVersion "1"]
[SourceVersionDate "2022.10.05"]
[SourceQuality "1"]

1. d4 Nf6 2. c4 c5 3. d5 g6 4. Nc3 Bg7 5. e4 d6 6. h3 0-0 7. Nf3 e6 8. Bd3 Nbd7 9. 0-0 e5 10. Be3 h6 11. Qd2 Nh7 12. Bxh6 f5 13. Bxg7 Kxg7 14. exf5 gxf5 15. Bc2 Qf6 16. g3 e4 17. Nh4 Ne5 18. Qe2 Ng5 19. Nd1 f4 20. Bxe4 Nxh3+ 21. Kg2 Ng5 22. f3 Bh3+ 23. Kg1 Bxf1 24. Qxf1 Nxe4 25. fxe4 Qg5 26. Qh3 Rf6 27. Nf5+ Rxf5 28. exf5 Rh8 29. f6+ Kg6 30. Qg2 f3 31. Qc2+ Kxf6 32. Qf2 Qh5 33. Kf1 Qh1+ 34. Qg1 Qxg1+ 35. Kxg1 Ng4 36. Nf2 Ne3 37. Ne4+ Ke5 38. Nd2 Kd4 39. Nxf3+ Kxc4 40. Re1 Nxd5 41. Rc1+ Kd3 42. Rd1+ Ke4 43. Ng5+ Kf5 44. Rxd5+ Kg4 45. Ne6 Kxg3 46. Rxd6 Rh6 47. Rd3+ Kg4 48. Nxc5 Rc6 49. Rc3 Kf5 50. Kf2 b6 51. Nd3 Rxc3 52. bxc3 Ke4 53. Ke2 Kd5 54. Kd2 Kc4 55. Kc2 Kb5 56. Nb2 Kc5 57. Kb3 Kb5 58. Nd3 Kc6 59. c4 a6 60. Kc3 Kd6 61. Kd4 Kc6 62. Ne5+ Kd6 63. Nf7+ Kc6 64. Ng5 Kd6 65. Ne4+ Kc6 66. a3 b5 67. c5 a5 68. Ng5 b4 69. axb4 axb4 70. Ne4 b3 71. Kc3 Kd5 72. Kxb3 Kxe4 73. c6 1-0